K některým otázkám regionální politiky v podmínkách transformace čs. ekonomiky.

Regionálna politika má zabezpečiť harmonický rast, znížiť rozdiely medzi "chudobnými" a "bohatými" regiónmi. Ciele regionálnej ekonomickej politiky v období transformácie čs. ekonomiky: podpora vyváženého rozvoja všetkých regiónov, podpora tzv. problémových regiónov a podpora regiónov s výrazne naru...

Description complète

Enregistré dans:
Détails bibliographiques
Auteur principal: Hučka, Miroslav
Format: Chapitre de livre
Langue:tchèque
Sujets:
Tags: Ajouter un tag
Pas de tags, Soyez le premier à ajouter un tag!

MARC

LEADER 00000naa a2200000 4500
001 r009517
005 20220831090515.9
041 0 |a cze 
044 |a [CS] 
245 1 0 |a K některým otázkám regionální politiky v podmínkách transformace čs. ekonomiky.  |c Miroslav Hučka 
520 |a Regionálna politika má zabezpečiť harmonický rast, znížiť rozdiely medzi "chudobnými" a "bohatými" regiónmi. Ciele regionálnej ekonomickej politiky v období transformácie čs. ekonomiky: podpora vyváženého rozvoja všetkých regiónov, podpora tzv. problémových regiónov a podpora regiónov s výrazne narušeným životným prostredím. Problematika výberu regiónov, ktoré majú byť podporované. 
610 2 0 |a politika regionálna 
610 2 0 |a transformácia 
610 2 0 |a ČSFR 
610 2 0 |a regióny 
610 2 0 |a regionalizácia 
100 1 |a Hučka, Miroslav